LIBRARY & INFORMATION CENTRE, KCAET, TAVANUR

ONLINE PUBLIC ACCESS CATALOGUE (OPAC)

Data on silt and desilting arrangements in hydro-power stations / (Record no. 8855)

MARC details
000 -LEADER
fixed length control field 00512cam a2200181ua 4500
041 ## - LANGUAGE CODE
Language code of text/sound track or separate title eng
082 ## - DEWEY DECIMAL CLASSIFICATION NUMBER
Classification number 028.76627
Item number VAR/DA
100 ## - MAIN ENTRY--AUTHOR NAME
Personal name Varma, C.V.J.
245 ## - TITLE STATEMENT
Title Data on silt and desilting arrangements in hydro-power stations /
250 ## - EDITION STATEMENT
Edition statement 1 /
260 ## - PUBLICATION, DISTRIBUTION, ETC. (IMPRINT)
Place of publication New Delhi :
Name of publisher Central Board of Irrigation and Power (CBIP) ,
Year of publication 1997.
300 ## - PHYSICAL DESCRIPTION
Number of Pages 56 ; .
700 1# - ADDED ENTRY--PERSONAL NAME
Personal name Naidu, B S K .
700 1# - ADDED ENTRY--PERSONAL NAME
Personal name Rao, A K G .
942 ## - ADDED ENTRY ELEMENTS (KOHA)
Koha item type Books
Holdings
Withdrawn status Lost status Damaged status Home library Current library Date acquired Full call number Accession Number Koha item type
      KAUAET   07/04/2012 028.76627 19810 Books
free website counter